Mem
| Main Author: | |
|---|---|
| Format: | Book |
| Published: |
Kuala Lumpur :
Creative Enterprise Sdn.Bhd. ,
1995
|
MARC
| LEADER | 00000cam a2200000 7i4500 | ||
|---|---|---|---|
| 001 | 0000007914 | ||
| 002 | 000008488 | ||
| 005 | 20000330.0 | ||
| 020 | |a 9838932582 | ||
| 090 | 0 | 0 | |a F |b AKU |
| 100 | 0 | |a Akulah M.D | |
| 245 | 1 | 0 | |a Mem |c Akula M.D |
| 260 | |a Kuala Lumpur : |b Creative Enterprise Sdn.Bhd. , |c 1995 | ||
| 300 | |a 113p. : |b ill ; |c 17cm. | ||
| 999 | |a 052105 |b BUKU |c PINJAMAN |e PERPUSTAKAAN KOMUNITI PETALING JAYA | ||